Normal view
MARC view
- SCHWARTZ, MISCHS
Entry Personal Name
001 - CONTROL NUMBER
- control field: 65518
003 - CONTROL NUMBER IDENTIFIER
- control field: NUST
005 - DATE AND TIME OF LATEST TRANSACTION
- control field: 20210628203439.0
008 - FIXED-LENGTH DATA ELEMENTS
- fixed length control field: 210628|| aca||aabn | a|a d
040 ## - CATALOGING SOURCE
- Original cataloging agency: NUST
- Transcribing agency: NUST
100 ## - HEADING--PERSONAL NAME
- Personal name: SCHWARTZ, MISCHS
670 ## - SOURCE DATA FOUND
- Source citation: Work cat.: (NUST): SCHWARTZ, MISCHS, INFORMATION TRANSMISSION MODULATION AND NOISE , A UNIFIED APPROACH TO COMMUNICATION SYSTEMS, 1981
